Disney classiques d'animations - Statistiques

Statistiques générales
  • Ce quiz a été pris 119 fois
    40 depuis la dernière actualisation
  • Le résultat moyen est 32 sur 62
Statistiques - réponses
Date Classiques d'animations Walt Disney % Correct
1937 Blanche-neige et les sept nains
91%
1950 Cendrillon
88%
1991 La belle et la bête
88%
2013 La reine des neiges
84%
1998 Mulan
81%
1995 Pocahontas
81%
1959 La belle au bois dormant
78%
2010 Raiponce
78%
1942 Bambi
72%
1955 La belle et le clochard
72%
1953 Peter pan
72%
2016 Vaiana, le légende du bout du monde
72%
1989 La petite sirène
69%
1940 Pinocchio
69%
1992 Aladdin
66%
1941 Dumbo
66%
1996 Le bossu de notre dame
66%
1994 Le roi lion
66%
1970 Les aristochats
66%
1977 Bernard et Bianca
63%
1990 Bernard et bianca au pays des kangourous
63%
1940 Fantasia
59%
1961 Les 101 dalmatiens
59%
1973 Robin des bois
59%
2011 Winnie l'ourson
56%
2021 Encanto la famille madrigal
53%
1997 Hercule
53%
1963 Merlin
53%
1981 Rox et Rouky
53%
1999 Tarzan
53%
1951 Alice au pays des merveilles
50%
2003 Frère des ours
50%
1967 Le livre de la jungle
50%
1945 Les Trois Caballeros
50%
1988 Oliver et compagnie
50%
2001 Atlantide, l'empire perdu
47%
1985 Taram et le chaudron magique
47%
2023 Wish
47%
2019 La reine des neiges 2
44%
2012 Les mondes de ralph
44%
1986 Basil, détéctive privé
41%
1947 Coquin de printemps
41%
2000 Kuzco
41%
1946 La boite à musique
41%
2004 La ferme se rebelle
41%
2002 La planete au trésor
41%
2016 Zootopie
41%
2000 Fantasia 2000
38%
1949 Le crapaud et le maître d'école
38%
1948 Mélodie Cocktail
38%
2021 Raya et le dernier dragon
34%
2005 Chicken Little
31%
2000 Dinosaure
31%
2018 Ralph 2.0
28%
2014 Les nouveaux héros
25%
2008 Volt, star malgré lui
25%
2007 Bienvenue chez les robinsons
22%
1977 Les aventures de winnie l'ourson
22%
2024 Vaiana 2
16%
2022 Avalonia, l'étrange voyage
9%
2009 La princesse et la grenouille
6%
2002 Lilo et Stitch
3%
Aucun quiz correspondant
Distribution des résultats
% des personnes avec chaque résultat
Percentile par nombre de réponses
Votre historique - résultats
Vous n’avez pas pris ce quiz depuis la dernière actualisation